Statistics for Top 15 tallest buildings in the world

Click here to take the quiz!

General Stats

  • This quiz has been taken 16 times
  • The average score is 4 of 15

Answer Stats

HintAnswer% Correct
Located in DubaiBurj Khalifa
100%
Located in New York CityOne World Trade Center
86%
Located in TaipeiTaipei 101
43%
Located in ShanghaiShanghai Tower
29%
Located in New York CityCentral Park Tower
14%
Located in SeoulLotte World Tower
14%
Located in ShanghaiShanghai World Financial Center
14%
Located in BeijingChina Zun
7%
Located in GuangzhouGuangzhou CTF Finance Center
7%
Located in Hong KongInternational Commerce Center
7%
Located in MeccaMakkah Royal Clock Tower
7%
Located in Kuala LumpurMerdeka 118
7%
Located in ShenzhenPing-An Finance Center
7%
Located in TianjinTianjin CTF Finance Center
7%
Located in WuhanWuhan Greenland Center
7%

Score Distribution

Percentile by Number Answered

Percent of People with Each Score

Your Score History

You have not taken this quiz